000 00997cam a22003257a 4500
003 CHAP
005 20220817041729.0
008 971013s1976 r 00010 d
010 _a22816
011 _a23788
035 _a27885
040 _cCHAP
090 _aFolleto 4016
110 _aFAO. Comisión del Codex Alimentarius
_939482
245 0 _aNorma internacional recomendada para coctel de frutas en conserva
260 _aRoma :
_bFAO,
_c1976
300 _a16 p.
410 2 _aFAO
490 0 _aPrograma conjunto FAO/OMS sobre normas alimentarias
590 _aBATCH-UPD
_b10
_c20130110
_lUCH01
_h0313
590 _aBATCH-UPD
_b10
_c20130110
_lUCH01
_h1355
590 _aCONVERSION
_b10
_c20130109
_lUCH01
_h1313
650 1 4 _aFruta enlatada
_xNormas de calidad.
_943671
710 0 _aFAO.
810 0 _aFAO
830 0 _aPrograma conjunto FAO/OMS sobre normas alimentarias
_992254
901 _aBK
942 _cFOLL
949 _aFolleto 4016
_bBC
_cFAO
_d-64449
_eFAO1
_i27885
_mD
_si
999 _c22816
_d22816